Word Ladder: Mixed Emotions Quiz Stats

 Plays Quiz Updated Jan 30, 2015

Challenge
Share
Tweet
Embed
Score 0/26 Timer 02:00
2 Plays Today
Hint 4-Letter Word % Correct
Strong or constant affectionLOVE
96.3%
Water droplets from the skyRAIN
92.5%
Beach castle materialSAND
91.6%
Stairway safety featureRAIL
90.3%
Go yachtingSAIL
89.8%
VerbalizedSAID
88.7%
Identical or unchangedSAME
87.8%
FinishedDONE
86.5%
Amount between none and allSOME
84.7%
Mentally togetherSANE
84.4%
Mental or emotional sufferingPAIN
84.1%
Part of Tarzan covered by the clothLOIN
83.9%
Top of the CapitolDOME
82.3%
Hint 4-Letter Word % Correct
1 of 8 on a chess sidePAWN
81%
Having rested in a horizontal positionLAIN
80.3%
The Beatles or the Stones, e.g.BAND
79.6%
Get off my ____!LAWN
77.8%
To dislike a lotHATE
75.6%
Traditional knowledgeLORE
73.9%
___ of one's existenceBANE
68.5%
Desolate or forsakenLORN
66.1%
Reduce the intensity ofBATE
59%
Close attractionBOND
58.2%
Having an affection forFOND
47.6%
Discouraging adviceDON'T
40.2%
Times or Century, e.g.FONT
33%

Today's Daily Dose

Word Ladder
Bruno Mars Song

Get the Picture
Japanese Cars

You're not logged in!

Compare scores with friends on all Sporcle quizzes.
OR
Log In

You Might Also Like...

Show Comments

Extras

Top Quizzes Today


Score Distribution

Your Account Isn't Verified!

In order to create a playlist on Sporcle, you need to verify the email address you used during registration. Go to your Sporcle Settings to finish the process.

Report this User

Report this user for behavior that violates our Community Guidelines.

Details: